00386 a2200145 4500003000400000005001700004008004100021040000900062082002000071100002900091245009100120250000600211260000900217300001400226OSt20250609153521.0250524b |||||||| |||| 00| 0 eng d coclc a658.4063bUNN/I aUnnithan, Anandakuttan B aInnovation Design & Thinking /cAnandakuttan B Unnithan, Deepak S Kumar, Ajmal Basheer a2 c2023 a320 pages